Responses for Show #5677 - Tuesday, April 21, 2009

Contestants

[<< previous game]

Sue Romberg, a homemaker and volunteer from Grapevine, Texas

Alex Hooper, a lawyer originally from Cedar Key, Florida

Stefanie Tomko, a software project manager from Bellevue, Washington (whose 1-day cash winnings total $20,800)

[next game >>]

Jeopardy! Round responses

WONDERS OF THE MIDWEST
TV'S GONE BUT NOT FORGOTTEN
THE BUTLER DID IT
TEXAS HOLD'EM HANDS
BIRTHSTONES... MEET THE BIRTHSTONES
YABBA DABBA "DOO"!
    $200 1
a corn maze

Stefanie
    $200 10
Johnny Carson

Stefanie
    $200 19
The Sound of Music

Stefanie
    $200 24
fives

Stefanie
    $200 5
emerald

Sue
    $200 13
skidoo

Stefanie
    $400 2
Sputnik

Stefanie
    $400 11
John Ritter

Alex
    $400 20
Agatha Christie

Stefanie
    $400 27
eights

Stefanie
    $400 6
ruby

Sue
    $400 14
doomsday

Stefanie
    $600 3
a cavern

Stefanie
    $600 12
Freddie Prinze

Triple Stumper
    $600 21
The Hound of the Baskervilles

Triple Stumper
    $600 28
jacks

Stefanie
    $600 7
diamond

Sue
    $600 16
voodoo

Alex
    $800 4
(Alex Hooper: What is apple?)
(Stefanie: What is blueberry?)

cherry

StefanieAlexSue
    $800 25
Robert Urich

Triple Stumper
    $1,000 22
Dr. Jekyll and Mr. Hyde

Stefanie
    $800 29
Woolworth

Sue
    $800 8
pearl

Stefanie
    $800 17
Brigadoon

Sue
    $1000 15
Ohio

Stefanie
    $1000 26
James Doohan

Sue
    $1000 23
The Remains of the Day

Alex
    $1000 30
fours

Sue
    $1000 9
sapphire

Alex
    $1000 18
didgeridoo

Alex

Scores at the first commercial break (after clue 15):

Stefanie Alex Sue
$3,000 $600 $2,000

Scores at the end of the Jeopardy! Round:

Stefanie Alex Sue
$5,800 $3,200 $5,600

Double Jeopardy! Round responses

OTHER FAMOUS CANADIANS
GEOGRAPHIC BANDS
THE NEW YORK TIMES PULITZER WINNERS
ACRONYM EYE CHART
(Alex Trebek: You have to tell us what the letters stand for in the abbreviation you'll find in each chart that we'll show you.)
MUSIC APPRECIATION
CROSSWORD CLUES "G"
    $400 11
pacemaker

Stefanie
    $400 16
(Stefanie: What is Alabama?)

Kansas

StefanieSue
    $400 21
Sarajevo

Stefanie
    $400 1
Mothers Against Drunk Driving

Sue
    $400 30
french horns

Triple Stumper
    $400 2
gobble

Sue
    $800 12
the Energizer

Alex
    $800 17
Chicago

Sue
    $800 22
Darfur

Alex
    $800 7
(Alex Hooper: What is NAFTA?)

North American Free Trade Agreement

StefanieAlex
    $800 28
(Alex Hooper: What is Denmark?)
(Sue: What is Sweden?)

Norway

StefanieAlexSue
    $800 3
gesture

Stefanie
    $3,600 13
The Four Seasons

Alex
    $1200 18
Boston

Stefanie
    $1200 23
Imam

Alex
    $1200 8
(Alex Hooper: What is the Federal Emergency Management Administration?)

the Federal Emergency Management Agency

StefanieAlex
    $1200 26
ballad

Triple Stumper
    $1200 4
germinate

Sue
    $1600 14
Trivial Pursuit

Sue
    $1600 19
America

Stefanie
    $1600 24
(Kenneth) Starr

Alex
    $1600 9
the Organization of Petroleum Exporting Countries

Alex
    $1600 27
Zamfir

Sue
    $2,500 5
gastronomy

Sue
    $2000 15
Galbraith

Sue
    $2000 20
Europe

Stefanie
    $2000 25
(Alex Hooper: What is Gideon's Crossing?)

Gideon's Trumpet

Alex
Triple Stumper
    $2000 10
(Alex Hooper: What is the Service Employees Industrial Union?)

the Service Employees International Union

Alex
Triple Stumper
    $2000 29
Johann Sebastian Bach

Triple Stumper
    $2000 6
gradually

Alex

Scores at the end of the Double Jeopardy! Round:

Stefanie Alex Sue
$14,600 $8,000 $15,700

[wagering suggestions for these scores]

Final Jeopardy! Round responses

BOOKS ABOUT ACTORS
(Alex Trebek: Let's go over to Sue Romberg. [*]? Yes. Wager? Ooh! Not enough. $3,501. $19,201. You finish in second.)
(Sue: [Stunned at her wagering math error] Oh!)
AlexWho is Tim Tebow?
$888
StefanieWho is Brando?
$6,000
SueWho is Marlon Brando?
$3,501
Marlon Brando

Final scores:

Stefanie Alex Sue
$20,600 $7,112 $19,201
2-day champion: $41,400 3rd place: $1,000 2nd place: $2,000

Game dynamics:

Coryat scores:

Stefanie Alex Sue
$14,400 $5,600 $14,800
23 R
(including 1 DD),
2 W
12 R
(including 1 DD),
6 W
17 R
(including 1 DD),
1 W

Combined Coryat: $34,800

[game clues] [game scores] [suggest correction]

Game tape date: 2009-02-17
The J! Archive is created by fans, for fans. Scraping, republication, monetization, and malicious use prohibited; this site may use cookies and collect identifying information. See terms. The Jeopardy! game show and all elements thereof, including but not limited to copyright and trademark thereto, are the property of Jeopardy Productions, Inc. and are protected under law. This website is not affiliated with, sponsored by, or operated by Jeopardy Productions, Inc. Join the discussion at JBoard.tv.